|
|
|
|
| LEADER |
00000cam a2200000 7i4500 |
| 001 |
0000000376 |
| 005 |
20131129.0 |
| 020 |
0 |
0 |
|a 9250023820
|
| 090 |
0 |
0 |
|a R630
|b WOR 1986
|
| 245 |
1 |
0 |
|a WORLD list of forestry schools .
|l Listemondiale des ecoles forestieres .
|l Lista mundial de escuelas forestales
|c Forestry Department
|
| 260 |
0 |
0 |
|a Rome :
|b Food and Agriculture Organization of the United Nations ,
|c 1986
|
| 300 |
|
|
|a v, 135 p. ;
|c 30 cm.
|
| 440 |
0 |
0 |
|a FAO forestry paper ; 3 rev./2
|
| 650 |
0 |
0 |
|a Forestry schools and education
|x Directories
|
| 710 |
1 |
1 |
|a Food and Agriculture Organization of the United Nations (FAO)
|
| 999 |
|
|
|a 0000001599
|b Monograph
|c Open Shelf
|e Default branch
|
| 999 |
|
|
|a 0000001981
|b Monograph
|c Reference
|e Default branch
|
| 999 |
|
|
|a 0000005883
|b Monograph
|c Food and Agriculture Organization
|e Default branch
|